000 02710nkm0a2200493 4500
001 RU\NLR\BIBL_A\022648231
005 20260326122252.0
035 _a(NLR Aleph) 022648231
071 5 0 _d60 коп.
_93000
090 _a88976
_c88976
100 _a20251020d1941 u y0rusy50 ca
101 0 _arus
102 _aRU
116 _aiiycxx bf ad
135 _acrcn 024anaba
181 0 _ab4
_bxb2e
182 0 _an
200 1 _aЛюдоед Гитлер миллионы людей бросает в горнило мировой бойни
_e[плакат]
_fрис. худож. Наливайко
_gответ. редактор П. Р. Шарневский
203 _aИзображение
_bнеподвижное
_bдвухмерное
_bвизуальное
_cнепосредственное
210 _aКрасноярск
_cКрасноярский рабочий
_d1941
_eКрасноярск
_gТип. им. Вейнбаума
215 _a1 л.
_cхромолитогр.
_d67,5х49
300 _aВ вып. дан.: Подписано к печ. 9/VIII 1941 г.; АЛ-828; Зак. 4741
325 _aКопия доступна в Электрон. б-ке РНБ
600 1 _aГитлер
_bА.
_gАдольф
_f1889 - 1945
_xв карикатуре
_jПлакаты
_2nlr_sh2
_3RU\NLR\AUTH\6601539837
606 1 _aПлакат русский советский
_z1941 - 1945
_2nlr_sh2
_3RU\NLR\AUTH\661423877
606 1 _aВеликая Отечественная война
_z1941 - 1945
_xЗверства немецко-фашистских захватчиков
_jПлакаты
_2nlr_sh1
_2nlr_sh2
_3RU\NLR\AUTH\66241586
686 _aЩ153(2Р=Рус)7-466
700 1 _aНаливайко
_bИ. И.
_f1907-1946
_gИван Иванович
_4040
712 0 2 _a"Красноярский рабочий", газета
_3RU\NLR\AUTH\889976631
_4650
712 0 2 _aТипография им. Вейнбаума
_cКрасноярск
_3RU\NLR\AUTH\880634717
_4610
852 0 0 _aNLR
_bЭ
_jПлИр995/5-165
_mЭ034265
856 0 _uhttps://vivaldi.nlr.ru/la000070864/view
856 1 _uhttps://vivaldi.nlr.ru/la000070864/cover
856 2 _uhttps://vivaldi.nlr.ru/la000070864/text
901 _eИзографические материалы
942 _cVISUAL
945 _aРоссийская национальная библиотека
980 _aBV
980 _aNB
981 1 7 _a(17) Изографические материалы
_b(17) Плакаты